[Event "EYCC 2024 - O08"]
[Site "?"]
[Date "2024.08.31"]
[Round "9.1"]
[White "Hanas, Markiyan"]
[Black "Demchenko, Timofei"]
[Result "1-0"]
[BlackElo "1769"]
[WhiteElo "1652"]
[LiveChessVersion "1.4.8"]

1. e4 {[%clk 1:30:57]} e6 {[%clk 1:30:56]} 2. d4 {[%clk 1:31:21]} d5
{[%clk 1:31:22]} 3. Nc3 {[%clk 1:31:43]} Bb4 {[%clk 1:31:47]} 4. e5
{[%clk 1:32:09]} Ne7 {[%clk 1:30:02]} 5. Bd2 {[%clk 1:31:56]} Nf5
{[%clk 1:27:20]} 6. Bd3 {[%clk 1:30:59]} c5 {[%clk 1:20:54]} 7. Bxf5
{[%clk 1:27:02]} exf5 {[%clk 1:21:18]} 8. Nb5 {[%clk 1:27:14]} Bxd2+
{[%clk 1:20:05]} 9. Qxd2 {[%clk 1:27:31]} O-O {[%clk 1:19:20]} 10. dxc5
{[%clk 1:26:07]} b6 {[%clk 1:12:50]} 11. Nd6 {[%clk 1:21:04]} Be6
{[%clk 1:10:29]} 12. Ne2 {[%clk 1:09:03]} Nc6 {[%clk 1:03:48]} 13. Nd4
{[%clk 0:47:35]} Nxe5 14. N4xf5 {[%clk 0:38:27]} Bxf5 {[%clk 1:00:41]} 15. Nxf5
{[%clk 0:37:52]} Nc4 {[%clk 0:59:17]} 16. Qd3 {[%clk 0:16:54]} Re8+
{[%clk 0:58:59]} 17. Ne3 {[%clk 0:17:10]} Nxe3 {[%clk 0:46:30]} 18. fxe3
{[%clk 0:16:57]} Qg5 {[%clk 0:44:46]} 19. O-O {[%clk 0:16:27]} Rxe3
{[%clk 0:39:10]} 20. Qf5 Qxf5 {[%clk 0:34:44]} 21. Rxf5 {[%clk 0:16:31]} bxc5
{[%clk 0:30:47]} 22. Rxd5 {[%clk 0:16:52]} Rc8 {[%clk 0:29:06]} 23. Rad1
{[%clk 0:16:29]} h6 {[%clk 0:28:06]} 24. Kf2 {[%clk 0:15:46]} Re6
{[%clk 0:27:13]} 25. Rd7 {[%clk 0:15:31]} Rce8 {[%clk 0:25:47]} 26. R1d2
{[%clk 0:14:44]} Rf6+ {[%clk 0:25:16]} 27. Kg3 {[%clk 0:15:07]} Re3+
{[%clk 0:25:11]} 28. Kg4 {[%clk 0:15:17]} g5 {[%clk 0:19:30]} 29. g3
{[%clk 0:14:13]} Kg7 {[%clk 0:18:55]} 30. Rxa7 {[%clk 0:13:50]} Kg6
{[%clk 0:16:46]} 31. Kh3 {[%clk 0:13:11]} h5 {[%clk 0:14:53]} 32. Kg2
{[%clk 0:12:55]} Ref3 {[%clk 0:12:55]} 33. Rc7 {[%clk 0:12:25]} R3f5
{[%clk 0:12:06]} 34. a4 {[%clk 0:12:06]} h4 {[%clk 0:12:09]} 35. Rcd7
{[%clk 0:12:01]} Kh5 {[%clk 0:10:57]} 36. R7d5 {[%clk 0:11:21]} Rf1
{[%clk 0:08:31]} 37. Rxc5 {[%clk 0:10:16]} Re1 {[%clk 0:08:16]} 38. Rdd5
{[%clk 0:08:14]} Re2+ {[%clk 0:08:02]} 39. Kh3 {[%clk 0:08:32]} Rg6
{[%clk 0:07:12]} 40. Rd4 {[%clk 0:06:52]} Kh6 {[%clk 0:06:41]} 41. b3
{[%clk 0:03:20]} Rf2 {[%clk 0:05:34]} 42. gxh4 {[%clk 0:02:53]} f5
{[%clk 0:04:13]} 43. hxg5+ {[%clk 0:02:36]} Rxg5 {[%clk 0:03:59]} 44. Rc6+
{[%clk 0:02:57]} Kh7 {[%clk 0:03:57]} 45. Rd7+ {[%clk 0:03:16]} Rg7
{[%clk 0:04:23]} 46. Rxg7+ {[%clk 0:03:41]} Kxg7 {[%clk 0:04:47]} 47. Kg3
{[%clk 0:04:03]} 1-0

[Event "EYCC 2024 - O08"]
[Site "?"]
[Date "2024.08.31"]
[Round "9.2"]
[White "Hu, Junyan"]
[Black "Bartzos, Iasonas"]
[Result "1-0"]
[BlackElo "1583"]
[WhiteElo "1720"]
[LiveChessVersion "1.4.8"]

1. e4 {[%clk 1:30:37]} c5 {[%clk 1:30:56]} 2. Nf3 {[%clk 1:30:59]} g6
{[%clk 1:31:17]} 3. c4 {[%clk 1:31:19]} Bg7 {[%clk 1:31:25]} 4. d4
{[%clk 1:31:17]} cxd4 {[%clk 1:31:47]} 5. Nxd4 {[%clk 1:31:42]} Nc6
{[%clk 1:31:59]} 6. Be3 {[%clk 1:31:41]} Qb6 {[%clk 1:32:06]} 7. Nb3
{[%clk 1:31:48]} Qd8 {[%clk 1:32:25]} 8. Qd2 {[%clk 1:31:27]} Nf6
{[%clk 1:32:42]} 9. f3 {[%clk 1:31:42]} O-O {[%clk 1:31:09]} 10. Nc3
{[%clk 1:31:44]} d6 {[%clk 1:31:26]} 11. Be2 {[%clk 1:31:20]} Be6
{[%clk 1:27:47]} 12. Rc1 {[%clk 1:31:06]} Rc8 {[%clk 1:25:38]} 13. O-O
{[%clk 1:28:16]} Re8 {[%clk 1:14:13]} 14. Rfd1 {[%clk 1:27:36]} b6
{[%clk 1:11:47]} 15. Nd5 {[%clk 1:26:59]} Nd7 {[%clk 1:11:05]} 16. a3
{[%clk 1:19:37]} Nc5 {[%clk 1:10:51]} 17. Nxc5 {[%clk 1:19:00]} dxc5
{[%clk 1:11:04]} 18. b4 {[%clk 1:19:08]} Nd4 {[%clk 1:11:00]} 19. Qd3
{[%clk 1:13:09]} f5 {[%clk 1:04:10]} 20. a4 {[%clk 1:09:27]} Bd7 {[%clk 1:00:45]}
21. b5 {[%clk 1:07:08]} e5 {[%clk 0:58:41]} 22. Rb1 {[%clk 1:03:55]} Be6
{[%clk 0:52:27]} 23. Nc3 {[%clk 0:58:52]} Qc7 {[%clk 0:49:39]} 24. Nd5
{[%clk 0:56:14]} Bxd5 {[%clk 0:49:43]} 25. exd5 {[%clk 0:53:28]} e4
{[%clk 0:49:23]} 26. fxe4 {[%clk 0:53:03]} fxe4 {[%clk 0:48:38]} 27. Qd2
{[%clk 0:50:31]} Be5 {[%clk 0:46:54]} 28. h3 {[%clk 0:47:35]} Rf8
{[%clk 0:43:45]} 29. Rf1 {[%clk 0:38:33]} Nf5 {[%clk 0:42:59]} 30. Bf4
{[%clk 0:38:33]} Bd4+ {[%clk 0:42:28]} 31. Kh2 {[%clk 0:35:45]} Be5
{[%clk 0:41:15]} 32. Kg1 {[%clk 0:29:28]} e3 {[%clk 0:41:32]} 33. Bxe5
{[%clk 0:27:10]} Qxe5 {[%clk 0:41:32]} 34. Qd3 {[%clk 0:27:06]} Ng3 35. Rxf8+
{[%clk 0:11:56]} Rxf8 {[%clk 0:40:58]} 36. Bf3 {[%clk 0:08:03]} Nf5
{[%clk 0:39:46]} 37. Re1 {[%clk 0:08:03]} Qg3 {[%clk 0:38:49]} 38. Re2
{[%clk 0:07:52]} Qe5 {[%clk 0:36:15]} 39. d6 {[%clk 0:05:54]} Rf6
{[%clk 0:33:49]} 40. d7 {[%clk 0:06:11]} Rd6 {[%clk 0:29:47]} 41. d8=Q+
{[%clk 0:06:11]} Rxd8 {[%clk 0:29:28]} 42. Qxd8+ {[%clk 0:06:37]} Kg7
{[%clk 0:29:20]} 43. Qd7+ {[%clk 0:05:43]} Kh6 {[%clk 0:29:11]} 44. Qd1
{[%clk 0:05:43]} Nd4 {[%clk 0:29:11]} 45. Re1 {[%clk 0:05:56]} Qg3
{[%clk 0:27:42]} 46. Rxe3 {[%clk 0:06:00]} Kg5 {[%clk 0:27:39]} 47. Qd2
{[%clk 0:05:43]} Kf6 {[%clk 0:27:28]} 48. Qf2 {[%clk 0:05:40]} Qxf2+
{[%clk 0:26:59]} 49. Kxf2 {[%clk 0:06:01]} Ne6 {[%clk 0:27:09]} 50. Bd5
{[%clk 0:06:14]} 1-0

[Event "EYCC 2024 - O08"]
[Site "?"]
[Date "2024.08.31"]
[Round "9.3"]
[White "Veladzic, Isak"]
[Black "Dede, Omer Taha"]
[Result "0-1"]
[BlackElo "1547"]
[WhiteElo "1788"]
[LiveChessVersion "1.4.8"]

1. d4 {[%clk 1:30:51]} d5 {[%clk 1:30:30]} 2. c4 {[%clk 1:30:48]} e6
{[%clk 1:30:30]} 3. Nc3 {[%clk 1:29:33]} Nf6 {[%clk 1:30:30]} 4. Nf3
{[%clk 1:28:46]} Bb4 {[%clk 1:30:30]} 5. Qb3 Bxc3+ {[%clk 1:27:30]} 6. Qxc3
{[%clk 1:27:04]} O-O {[%clk 1:27:00]} 7. Bf4 {[%clk 1:23:34]} b6 {[%clk 1:20:00]}
8. e3 {[%clk 1:16:45]} Bb7 {[%clk 1:17:30]} 9. Be2 {[%clk 1:14:21]} Nbd7
{[%clk 1:12:29]} 10. O-O {[%clk 1:10:48]} c5 {[%clk 1:12:00]} 11. Nd2
{[%clk 0:57:45]} dxc4 {[%clk 1:06:30]} 12. Bxc4 {[%clk 0:51:05]} cxd4
{[%clk 1:05:00]} 13. exd4 {[%clk 0:50:02]} Nd5 {[%clk 1:00:30]} 14. Bxd5
{[%clk 0:49:12]} Bxd5 {[%clk 1:00:30]} 15. Qg3 {[%clk 0:47:15]} Qf6
{[%clk 0:57:59]} 16. Be3 {[%clk 0:45:45]} Qg6 {[%clk 0:57:00]} 17. Qxg6
{[%clk 0:44:59]} hxg6 {[%clk 0:57:00]} 18. Rfc1 {[%clk 0:44:36]} Rac8
{[%clk 0:56:30]} 19. a3 {[%clk 0:43:33]} Nf6 {[%clk 0:55:00]} 20. f3
{[%clk 0:41:53]} Rfd8 {[%clk 0:53:00]} 21. Rc3 {[%clk 0:37:01]} Rc6
{[%clk 0:40:00]} 22. Rac1 {[%clk 0:35:19]} Rdc8 {[%clk 0:39:00]} 23. Bg5
{[%clk 0:32:33]} Kf8 {[%clk 0:37:00]} 24. Bxf6 {[%clk 0:31:41]} gxf6
{[%clk 0:36:29]} 25. Ne4 {[%clk 0:30:57]} Ke7 {[%clk 0:36:00]} 26. Kf2
{[%clk 0:30:28]} f5 {[%clk 0:34:00]} 27. Ng3 {[%clk 0:30:27]} Kd6
{[%clk 0:28:00]} 28. Ne2 {[%clk 0:27:02]} g5 {[%clk 0:27:30]} 29. Ke3
{[%clk 0:20:41]} Bc4 {[%clk 0:26:00]} 30. Ng1 {[%clk 0:18:46]} Kd5
{[%clk 0:23:30]} 31. Nh3 {[%clk 0:17:29]} f6 {[%clk 0:22:00]} 32. Nf2
{[%clk 0:14:31]} f4+ {[%clk 0:20:12]} 33. Kd2 {[%clk 0:14:39]} f5
{[%clk 0:19:24]} 34. h3 Kxd4 {[%clk 0:19:30]} 35. Nd3 {[%clk 0:03:05]} Bb5
{[%clk 0:17:00]} 36. Rb3 {[%clk 0:01:16]} Rxc1 {[%clk 0:17:00]} 37. Nxc1
{[%clk 0:01:28]} Bf1 {[%clk 0:17:00]} 38. Ne2+ {[%clk 0:00:59]} Bxe2
{[%clk 0:15:43]} 39. Kxe2 {[%clk 0:01:19]} Rc2+ {[%clk 0:16:00]} 40. Kf1
{[%clk 0:01:25]} e5 41. Rb4+ {[%clk 0:01:34]} Ke3 {[%clk 0:15:41]} 42. Rb5
{[%clk 0:01:35]} Rc5 {[%clk 0:15:30]} 43. Rb4 {[%clk 0:01:35]} Rc2
{[%clk 0:14:49]} 44. Rb5 {[%clk 0:01:44]} e4 45. Rxf5 {[%clk 0:01:27]} Rc1#
{[%clk 0:14:57]} 0-1

[Event "EYCC 2024 - O08"]
[Site "?"]
[Date "2024.08.31"]
[Round "9.4"]
[White "Vo, Daniel"]
[Black "Aker, Meric Zeynel"]
[Result "0-1"]
[BlackElo "1676"]
[WhiteElo "1707"]
[LiveChessVersion "1.4.8"]

1. e4 {[%clk 1:30:57]} e5 {[%clk 1:30:55]} 2. Nf3 {[%clk 1:30:46]} Nc6
{[%clk 1:31:17]} 3. d3 {[%clk 1:29:58]} Nf6 {[%clk 1:29:57]} 4. g3
{[%clk 1:29:21]} Be7 {[%clk 1:25:57]} 5. Bg2 {[%clk 1:28:43]} d6 {[%clk 1:24:31]}
6. h3 {[%clk 1:26:58]} h6 {[%clk 1:22:51]} 7. Nbd2 {[%clk 1:24:00]} Be6
{[%clk 1:20:45]} 8. c3 {[%clk 1:18:52]} O-O {[%clk 1:17:31]} 9. O-O
{[%clk 1:17:52]} Qd7 {[%clk 1:16:53]} 10. Kh2 {[%clk 1:15:55]} Rfe8
{[%clk 1:12:52]} 11. d4 {[%clk 1:10:21]} exd4 {[%clk 1:13:12]} 12. cxd4
{[%clk 1:10:41]} d5 {[%clk 1:13:35]} 13. e5 {[%clk 1:09:51]} Ne4 {[%clk 1:13:50]}
14. Nb3 {[%clk 1:09:25]} a5 {[%clk 1:09:37]} 15. a4 {[%clk 1:02:41]} f6
{[%clk 1:05:27]} 16. exf6 {[%clk 0:54:32]} Bxf6 {[%clk 1:04:39]} 17. Nc5
{[%clk 0:54:20]} Nxc5 {[%clk 1:04:57]} 18. dxc5 {[%clk 0:54:31]} Rad8
{[%clk 1:00:40]} 19. Bd2 {[%clk 0:48:37]} d4 {[%clk 0:55:47]} 20. Re1
{[%clk 0:37:56]} Qf7 {[%clk 0:50:37]} 21. Qc1 {[%clk 0:26:59]} Bd5
{[%clk 0:47:17]} 22. Rxe8+ {[%clk 0:21:32]} Rxe8 {[%clk 0:47:36]} 23. Bf4
{[%clk 0:20:52]} Re2 {[%clk 0:43:50]} 24. Qf1 {[%clk 0:18:43]} d3
{[%clk 0:41:10]} 25. Re1 {[%clk 0:17:40]} Qe7 {[%clk 0:32:45]} 26. Rd1
{[%clk 0:14:27]} Bxf3 {[%clk 0:29:25]} 27. Bxf3 {[%clk 0:14:00]} Bd4
{[%clk 0:29:33]} 28. Rd2 {[%clk 0:13:16]} Rxd2 {[%clk 0:27:17]} 29. Bxd2
{[%clk 0:13:29]} Ne5 {[%clk 0:24:29]} 30. Bd5+ {[%clk 0:13:24]} Kh8
{[%clk 0:24:48]} 31. f4 {[%clk 0:11:44]} Qxc5 {[%clk 0:23:34]} 32. Bxb7
{[%clk 0:09:50]} Qc2 {[%clk 0:22:50]} 33. fxe5 {[%clk 0:09:26]} Qxd2+
{[%clk 0:23:17]} 34. Bg2 {[%clk 0:09:40]} Bf2 {[%clk 0:21:31]} 35. e6
{[%clk 0:08:27]} Qe3 {[%clk 0:20:56]} 36. Kh1 {[%clk 0:07:43]} d2
{[%clk 0:20:00]} 37. Qd1 {[%clk 0:07:38]} Qe1+ {[%clk 0:20:27]} 38. Bf1
{[%clk 0:07:28]} Qxd1 {[%clk 0:20:50]} 39. Kg2 {[%clk 0:07:51]} Qe1
{[%clk 0:21:06]} 40. e7 {[%clk 0:08:19]} Qxe7 {[%clk 0:21:28]} 41. Kf3
{[%clk 0:08:40]} d1=Q+ {[%clk 0:21:52]} 42. Kxf2 {[%clk 0:09:03]} Qee1+
{[%clk 0:22:13]} 43. Kg2 {[%clk 0:09:25]} Qxf1+ {[%clk 0:22:41]} 44. Kh2
{[%clk 0:09:46]} Qde2# {[%clk 0:23:08]} 0-1

[Event "EYCC 2024 - O08"]
[Site "?"]
[Date "2024.08.31"]
[Round "9.5"]
[White "Vasiloi, Leonard"]
[Black "Protopopescu, Luca"]
[Result "0-1"]
[BlackElo "1849"]
[WhiteElo "1565"]
[LiveChessVersion "1.4.8"]

1. e4 {[%clk 1:30:54]} c5 {[%clk 1:30:55]} 2. c3 {[%clk 1:31:17]} d5
{[%clk 1:31:15]} 3. exd5 {[%clk 1:31:41]} Qxd5 {[%clk 1:31:37]} 4. d4
{[%clk 1:32:05]} g6 {[%clk 1:31:21]} 5. Nf3 {[%clk 1:32:30]} Bg7 {[%clk 1:30:41]}
6. Na3 {[%clk 1:32:53]} cxd4 {[%clk 1:30:59]} 7. Bc4 {[%clk 1:33:18]} Qe4+
{[%clk 1:31:11]} 8. Be3 {[%clk 1:33:44]} h6 {[%clk 1:29:17]} 9. Nb5
{[%clk 1:33:59]} Na6 {[%clk 1:29:09]} 10. Nbxd4 {[%clk 1:33:57]} Nf6
{[%clk 1:28:02]} 11. Bd3 {[%clk 1:29:34]} Qd5 {[%clk 1:25:29]} 12. O-O
{[%clk 1:21:05]} O-O {[%clk 1:22:21]} 13. Qe2 {[%clk 1:20:31]} Nc5
{[%clk 1:18:47]} 14. Bc4 {[%clk 1:20:52]} Qh5 {[%clk 1:19:00]} 15. Nd2
{[%clk 1:15:46]} Bg4 {[%clk 1:15:05]} 16. f3 {[%clk 1:16:10]} Bd7
{[%clk 1:15:21]} 17. N2b3 {[%clk 1:12:51]} Nxb3 {[%clk 1:10:10]} 18. Bxb3
{[%clk 1:07:22]} Nd5 {[%clk 1:05:50]} 19. Bxd5 {[%clk 1:00:27]} Qxd5
{[%clk 1:02:56]} 20. Rfd1 {[%clk 1:00:04]} Qe5 {[%clk 1:01:51]} 21. Bf2
{[%clk 0:58:51]} Qg5 {[%clk 0:56:05]} 22. Qe3 {[%clk 0:51:35]} Qf6
{[%clk 0:54:10]} 23. Nb3 {[%clk 0:50:29]} Bf5 {[%clk 0:50:55]} 24. Nd4
{[%clk 0:41:17]} Bd7 {[%clk 0:49:25]} 25. Qe4 {[%clk 0:41:00]} e5
{[%clk 0:49:19]} 26. Nb3 {[%clk 0:39:07]} Bc6 {[%clk 0:45:24]} 27. Qb4
{[%clk 0:37:42]} e4 {[%clk 0:36:05]} 28. Rd6 {[%clk 0:19:58]} Qg5
{[%clk 0:33:52]} 29. fxe4 {[%clk 0:10:06]} Rfe8 {[%clk 0:31:37]} 30. Re1
{[%clk 0:07:25]} Bf8 {[%clk 0:31:18]} 31. Bg3 {[%clk 0:03:51]} Rad8
{[%clk 0:29:31]} 32. Rxd8 {[%clk 0:04:10]} Bxb4 {[%clk 0:29:52]} 33. Rxe8+
{[%clk 0:04:36]} Bxe8 {[%clk 0:30:14]} 34. cxb4 {[%clk 0:05:02]} Qb5
{[%clk 0:29:20]} 35. Bd6 {[%clk 0:03:37]} Qa4 {[%clk 0:29:21]} 36. Ra1
{[%clk 0:02:03]} b6 {[%clk 0:29:39]} 37. Nd4 {[%clk 0:02:13]} Qd7
{[%clk 0:29:55]} 38. e5 {[%clk 0:02:39]} Qg4 {[%clk 0:30:01]} 39. Nf3
{[%clk 0:02:46]} Bc6 {[%clk 0:30:22]} 40. Rf1 {[%clk 0:00:49]} Bxf3
{[%clk 0:30:38]} 41. Rxf3 {[%clk 0:01:14]} Qd4+ {[%clk 0:31:01]} 42. Kf1
{[%clk 0:01:29]} Qxb2 {[%clk 0:31:15]} 43. a3 {[%clk 0:01:55]} Qd2
{[%clk 0:31:07]} 44. h3 {[%clk 0:01:06]} f5 {[%clk 0:30:20]} 45. Kg1
{[%clk 0:00:59]} Kf7 {[%clk 0:30:34]} 46. Kh2 {[%clk 0:00:54]} Ke6
{[%clk 0:30:56]} 47. a4 {[%clk 0:01:15]} a6 {[%clk 0:31:07]} 48. h4
{[%clk 0:01:06]} Qd4 {[%clk 0:31:14]} 49. Rh3 {[%clk 0:00:44]} Qa1
{[%clk 0:31:26]} 50. a5 {[%clk 0:00:51]} bxa5 {[%clk 0:31:44]} 51. bxa5
{[%clk 0:01:16]} Qxa5 {[%clk 0:32:08]} 52. h5 {[%clk 0:01:17]} g5
{[%clk 0:32:16]} 53. Rb3 {[%clk 0:01:04]} g4 {[%clk 0:31:59]} 54. Rb7
{[%clk 0:01:13]} Qe1 {[%clk 0:32:10]} 55. Re7+ {[%clk 0:00:53]} Kd5
{[%clk 0:32:34]} 56. Rg7 {[%clk 0:00:38]} Qh4+ {[%clk 0:32:55]} 57. Kg1
{[%clk 0:01:03]} g3 {[%clk 0:33:17]} 58. Rd7 {[%clk 0:00:34]} Qd4+
{[%clk 0:33:34]} 0-1

[Event "EYCC 2024 - O08"]
[Site "?"]
[Date "2024.08.31"]
[Round "9.7"]
[White "Badescu, Matei-Andrei"]
[Black "Monka, Patryk"]
[Result "1-0"]
[BlackElo "1554"]
[WhiteElo "1791"]
[LiveChessVersion "1.4.8"]

1. e4 {[%clk 1:30:55]} e5 {[%clk 1:30:13]} 2. Nf3 {[%clk 1:31:16]} Nc6
{[%clk 1:30:00]} 3. Bc4 {[%clk 1:31:40]} Bc5 {[%clk 1:29:30]} 4. c3
{[%clk 1:32:00]} Nf6 {[%clk 1:28:24]} 5. d3 {[%clk 1:32:01]} a5 {[%clk 1:27:33]}
6. O-O {[%clk 1:31:46]} O-O {[%clk 1:27:25]} 7. d4 {[%clk 1:31:00]} Ba7
{[%clk 1:26:07]} 8. dxe5 {[%clk 1:30:53]} Nxe4 {[%clk 1:25:49]} 9. Nbd2
{[%clk 1:30:04]} d5 {[%clk 1:24:50]} 10. exd6 {[%clk 1:30:20]} Nxd6
{[%clk 1:25:07]} 11. Be2 {[%clk 1:29:16]} Re8 {[%clk 1:24:07]} 12. Nc4
{[%clk 1:28:53]} Nxc4 {[%clk 1:22:29]} 13. Qxd8 {[%clk 1:28:50]} Rxd8
{[%clk 1:22:42]} 14. Bxc4 {[%clk 1:29:11]} Bg4 {[%clk 1:22:05]} 15. Bg5
{[%clk 1:29:22]} Re8 {[%clk 1:21:58]} 16. Rae1 {[%clk 1:24:47]} Kf8
{[%clk 1:13:09]} 17. Bf4 {[%clk 1:23:32]} Bb6 {[%clk 1:12:37]} 18. Ng5
{[%clk 1:23:33]} Bh5 {[%clk 1:11:43]} 19. Nxh7+ {[%clk 1:23:41]} Kg8
{[%clk 1:11:47]} 20. Ng5 {[%clk 1:24:00]} Rad8 {[%clk 1:10:38]} 21. Rxe8+
{[%clk 1:23:52]} Rxe8 {[%clk 1:10:58]} 22. g4 {[%clk 1:22:17]} Bg6
{[%clk 1:10:17]} 23. h4 {[%clk 1:21:01]} Ne5 {[%clk 1:04:42]} 24. Re1
{[%clk 1:21:06]} Kh8 {[%clk 1:01:08]} 25. h5 {[%clk 1:17:49]} Bxf2+
{[%clk 1:01:06]} 26. Kxf2 {[%clk 1:18:06]} Nxg4+ {[%clk 1:00:57]} 27. Kf1
{[%clk 1:18:13]} Rxe1+ {[%clk 1:00:44]} 28. Kxe1 {[%clk 1:18:30]} Bxh5
{[%clk 1:01:03]} 29. Nxf7+ {[%clk 1:18:53]} Bxf7 {[%clk 1:01:11]} 30. Bxf7
{[%clk 1:19:10]} c5 {[%clk 1:00:33]} 31. c4 {[%clk 1:19:24]} Nf6 {[%clk 1:00:39]}
32. a4 {[%clk 1:19:09]} Nd7 {[%clk 1:00:20]} 33. Bc7 {[%clk 1:19:30]} g5
{[%clk 1:00:10]} 34. Bxa5 {[%clk 1:19:32]} Kh7 {[%clk 1:00:22]} 35. Bc7
{[%clk 1:19:23]} Kg7 {[%clk 1:00:34]} 36. Be6 {[%clk 1:19:39]} Nf6
{[%clk 1:00:28]} 37. Bf5 {[%clk 1:19:49]} g4 {[%clk 1:00:41]} 38. Be5
{[%clk 1:20:11]} Kf7 {[%clk 1:00:56]} 39. Bxf6 {[%clk 1:20:28]} Kxf6
{[%clk 1:01:13]} 40. Bxg4 {[%clk 1:20:51]} b6 {[%clk 1:01:35]} 41. Bd7
{[%clk 1:21:10]} Ke5 {[%clk 1:01:40]} 42. Kd2 {[%clk 1:21:33]} Kd4
{[%clk 1:01:46]} 43. Bb5 {[%clk 1:21:56]} Ke4 {[%clk 1:02:03]} 44. Kc3
{[%clk 1:22:19]} Ke3 {[%clk 1:02:14]} 45. b4 {[%clk 1:22:43]} Ke4
{[%clk 1:02:27]} 46. bxc5 {[%clk 1:22:45]} Ke5 {[%clk 1:02:41]} 47. cxb6
{[%clk 1:23:03]} Kd6 {[%clk 1:03:03]} 48. c5+ {[%clk 1:23:25]} Kd5 49. c6
{[%clk 1:23:48]} Kc5 {[%clk 1:03:12]} 50. c7 {[%clk 1:24:12]} Kxb6
{[%clk 1:03:32]} 51. c8=Q {[%clk 1:24:34]} Ka7 {[%clk 1:03:52]} 52. Kb4
{[%clk 1:24:48]} Kb6 {[%clk 1:04:13]} 53. Qb8# {[%clk 1:25:12]} 1-0

[Event "EYCC 2024 - O08"]
[Site "?"]
[Date "2024.08.31"]
[Round "9.8"]
[White "Arsenijevic, Matija"]
[Black "Huzela, Lukyan"]
[Result "0-1"]
[BlackElo "1577"]
[WhiteElo "1760"]
[LiveChessVersion "1.4.8"]

1. d4 {[%clk 1:30:59]} Nf6 {[%clk 1:30:53]} 2. c4 {[%clk 1:31:21]} e6
{[%clk 1:31:18]} 3. Nc3 {[%clk 1:31:45]} Bb4 {[%clk 1:31:41]} 4. Bd2
{[%clk 1:32:11]} O-O {[%clk 1:31:11]} 5. a3 {[%clk 1:32:24]} Be7 {[%clk 1:27:36]}
6. e4 {[%clk 1:31:16]} d5 {[%clk 1:27:52]} 7. cxd5 {[%clk 1:31:05]} exd5
{[%clk 1:28:14]} 8. e5 {[%clk 1:29:45]} Ne8 {[%clk 1:22:15]} 9. b4
{[%clk 1:27:35]} b6 {[%clk 1:20:43]} 10. Be3 {[%clk 1:25:20]} Bb7
{[%clk 1:15:10]} 11. Nf3 {[%clk 1:17:44]} a5 {[%clk 1:12:52]} 12. b5
{[%clk 1:16:36]} c5 {[%clk 1:05:42]} 13. bxc6 {[%clk 1:15:18]} Bxc6
{[%clk 1:05:25]} 14. Bd3 {[%clk 1:14:40]} Nc7 {[%clk 1:01:32]} 15. Qb1
{[%clk 1:12:26]} h6 {[%clk 0:57:02]} 16. Qxb6 {[%clk 1:11:18]} Bd7
{[%clk 0:50:42]} 17. O-O {[%clk 1:09:25]} Nc6 {[%clk 0:50:51]} 18. Nb5
{[%clk 1:06:47]} Nxb5 {[%clk 0:47:25]} 19. Qxd8 {[%clk 1:07:09]} Nxd8
{[%clk 0:47:42]} 20. Rfc1 {[%clk 1:06:02]} Ne6 {[%clk 0:46:01]} 21. a4
{[%clk 1:05:49]} Na7 {[%clk 0:45:24]} 22. Ba6 {[%clk 1:04:16]} Rab8
{[%clk 0:43:11]} 23. Nd2 {[%clk 1:03:19]} Rb6 {[%clk 0:42:28]} 24. Bd3
{[%clk 1:03:31]} Rc6 {[%clk 0:42:29]} 25. Rcb1 {[%clk 1:03:33]} Bb4
{[%clk 0:42:41]} 26. Nf1 {[%clk 1:02:50]} Nc8 {[%clk 0:34:50]} 27. Ra2
{[%clk 1:01:34]} Nb6 {[%clk 0:32:58]} 28. Nd2 {[%clk 1:01:03]} Rc3
{[%clk 0:31:34]} 29. Be2 {[%clk 1:00:42]} Nxa4 {[%clk 0:31:33]} 30. Bg4
{[%clk 1:00:28]} Rxe3 {[%clk 0:31:02]} 31. Bxe6 {[%clk 0:59:57]} fxe6
{[%clk 0:31:29]} 32. fxe3 {[%clk 0:59:20]} Nc3 {[%clk 0:31:53]} 33. Rxb4
{[%clk 0:59:12]} axb4 {[%clk 0:32:15]} 34. Ra7 {[%clk 0:59:23]} Bb5
{[%clk 0:31:37]} 35. h3 {[%clk 0:59:30]} Nd1 {[%clk 0:28:17]} 36. Rb7
{[%clk 0:59:37]} Be8 {[%clk 0:28:06]} 37. e4 {[%clk 0:59:58]} dxe4
{[%clk 0:28:20]} 38. Re7 {[%clk 0:59:33]} e3 {[%clk 0:27:59]} 39. Nf3
{[%clk 0:59:49]} Rxf3 {[%clk 0:28:09]} 40. Rxe8+ {[%clk 0:59:40]} Rf8
{[%clk 0:28:24]} 41. Rxf8+ {[%clk 0:59:47]} Kxf8 {[%clk 0:28:45]} 42. Kf1
{[%clk 1:00:11]} b3 {[%clk 0:29:10]} 43. d5 {[%clk 1:00:18]} exd5
{[%clk 0:29:32]} 44. e6 {[%clk 1:00:37]} b2 {[%clk 0:29:58]} 45. e7+
{[%clk 1:01:12]} Ke8 {[%clk 0:31:00]} 46. g4 b1=Q {[%clk 0:31:23]} 47. Kg2
{[%clk 1:01:54]} Qc2+ 48. Kh1 {[%clk 1:01:53]} Qf2 {[%clk 0:31:43]} 49. g5
{[%clk 1:02:12]} e2 {[%clk 0:32:11]} 0-1

[Event "EYCC 2024 - O08"]
[Site "?"]
[Date "2024.08.31"]
[Round "9.9"]
[White "Szumiec, Jan"]
[Black "Petrenko, Tymofii"]
[Result "0-1"]
[BlackElo "1696"]
[WhiteElo "1560"]
[LiveChessVersion "1.4.8"]

1. e4 {[%clk 1:30:57]} c5 {[%clk 1:30:55]} 2. Nf3 {[%clk 1:31:17]} e6
{[%clk 1:30:39]} 3. d4 {[%clk 1:29:47]} cxd4 {[%clk 1:31:02]} 4. Nxd4
{[%clk 1:29:48]} Nf6 {[%clk 1:31:26]} 5. Nc3 {[%clk 1:29:50]} Nc6
{[%clk 1:31:48]} 6. Nxc6 {[%clk 1:29:03]} bxc6 {[%clk 1:32:11]} 7. e5
{[%clk 1:28:58]} Nd5 {[%clk 1:32:27]} 8. Ne4 {[%clk 1:29:14]} Qc7
{[%clk 1:32:34]} 9. f4 {[%clk 1:28:35]} Bb7 {[%clk 1:32:33]} 10. c4
{[%clk 1:24:36]} Bb4+ {[%clk 1:32:46]} 11. Bd2 {[%clk 1:15:54]} Nxf4
{[%clk 1:29:53]} 12. Bxb4 {[%clk 1:04:26]} Qxe5 {[%clk 1:28:00]} 13. Qd6
{[%clk 0:44:42]} Qxe4+ {[%clk 1:28:11]} 14. Kd1 {[%clk 0:44:51]} Ng6
{[%clk 1:27:49]} 15. Bd3 {[%clk 0:43:35]} Qe5 {[%clk 1:25:54]} 16. Qxe5
{[%clk 0:39:16]} Nxe5 {[%clk 1:26:14]} 17. Be2 {[%clk 0:39:40]} d5
{[%clk 1:26:08]} 18. cxd5 {[%clk 0:39:30]} cxd5 {[%clk 1:26:21]} 19. Rc1
{[%clk 0:37:37]} Nc6 {[%clk 1:26:02]} 20. Bb5 {[%clk 0:37:23]} Kd7
{[%clk 1:26:23]} 21. Rf1 {[%clk 0:37:37]} f6 {[%clk 1:26:34]} 22. Rf3
{[%clk 0:35:56]} d4 {[%clk 1:26:07]} 23. Rg3 {[%clk 0:35:23]} g6 {[%clk 1:26:07]}
24. Bc5 {[%clk 0:34:03]} e5 {[%clk 1:26:09]} 25. Rd3 {[%clk 0:30:25]} a6
{[%clk 1:26:12]} 26. Ba4 {[%clk 0:30:41]} Rac8 {[%clk 1:25:09]} 27. Kd2
{[%clk 0:29:08]} h5 {[%clk 1:23:43]} 28. Rg3 {[%clk 0:17:32]} Rhg8
{[%clk 1:22:47]} 29. Rb3 {[%clk 0:16:34]} Ba8 {[%clk 1:21:57]} 30. Rb6
{[%clk 0:14:26]} Rb8 {[%clk 1:22:03]} 31. Bxd4 {[%clk 0:13:17]} Rxb6
{[%clk 1:21:59]} 32. Bxb6 {[%clk 0:13:37]} Rb8 {[%clk 1:22:22]} 33. Be3
{[%clk 0:12:58]} Rxb2+ {[%clk 1:22:43]} 34. Kc3 {[%clk 0:12:49]} Rxa2
{[%clk 1:22:34]} 35. Kb3 {[%clk 0:11:46]} Rxg2 {[%clk 1:22:48]} 36. Bb6
{[%clk 0:12:01]} Rxh2 {[%clk 1:22:39]} 37. Rd1+ {[%clk 0:11:45]} Ke6
{[%clk 1:22:32]} 38. Bc5 {[%clk 0:11:25]} Nd4+ {[%clk 1:22:39]} 39. Bxd4
{[%clk 0:11:38]} exd4 {[%clk 1:22:56]} 40. Rxd4 {[%clk 0:11:50]} Ke5
{[%clk 1:22:55]} 41. Rd8 {[%clk 0:11:59]} Bd5+ {[%clk 1:25:11]} 42. Kc3
{[%clk 0:12:31]} h4 {[%clk 1:25:20]} 43. Bc2 {[%clk 0:12:34]} f5 {[%clk 1:25:20]}
44. Bd3 {[%clk 0:12:51]} h3 {[%clk 1:25:37]} 45. Bxa6 {[%clk 0:13:16]} Rf2
{[%clk 1:25:59]} 46. Re8+ {[%clk 0:13:33]} Kf4 {[%clk 1:26:22]} 47. Kd4
{[%clk 0:13:52]} h2 {[%clk 1:26:46]} 48. Re1 {[%clk 0:14:12]} h1=Q
{[%clk 1:27:04]} 49. Rf1 {[%clk 0:14:20]} Rxf1 {[%clk 1:27:10]} 50. Bxf1
{[%clk 0:14:36]} Qe4+ {[%clk 1:27:24]} 51. Kc5 {[%clk 0:14:58]} Ke5
{[%clk 1:27:44]} 52. Bb5 {[%clk 0:14:59]} Qd4# {[%clk 1:28:07]} 0-1